[Event "Russian Championship (Rapid, Men)"]
[Site "Sochi"]
[Date "2018.10.06"]
[Round "6.18"]
[White "Kobalia, Mikhail"]
[Black "Linker, Mikhail"]
[Result "1-0"]
[BlackElo "2319"]
[WhiteElo "2617"]
[LiveChessVersion "1.4.8"]

1. e4 {[%clk 0:15:18]} e5 {[%clk 0:14:54]} 2. Nf3 {[%clk 0:15:26]} Nc6
{[%clk 0:15:03]} 3. Bb5 {[%clk 0:15:33]} a6 {[%clk 0:15:03]} 4. Ba4
{[%clk 0:15:42]} Nf6 {[%clk 0:15:11]} 5. O-O {[%clk 0:15:50]} b5 {[%clk 0:15:01]}
6. Bb3 {[%clk 0:15:58]} Be7 {[%clk 0:15:09]} 7. d3 {[%clk 0:16:00]} O-O
{[%clk 0:15:08]} 8. Nc3 {[%clk 0:15:21]} d6 {[%clk 0:15:06]} 9. a3
{[%clk 0:15:30]} Bg4 {[%clk 0:12:53]} 10. Be3 {[%clk 0:15:06]} Nd4
{[%clk 0:11:55]} 11. Bxd4 {[%clk 0:15:14]} exd4 {[%clk 0:12:04]} 12. Nd5
{[%clk 0:15:23]} c5 {[%clk 0:11:49]} 13. h3 {[%clk 0:15:13]} Bxf3
{[%clk 0:09:30]} 14. Qxf3 {[%clk 0:15:06]} Nxd5 {[%clk 0:09:33]} 15. Bxd5
{[%clk 0:15:14]} Rb8 {[%clk 0:08:31]} 16. a4 {[%clk 0:15:16]} b4 {[%clk 0:07:42]}
17. a5 {[%clk 0:15:25]} Rb5 {[%clk 0:07:40]} 18. Bc4 {[%clk 0:15:33]} Rxa5 19.
Rae1 {[%clk 0:15:19]} Bf6 {[%clk 0:06:54]} 20. Qg4 {[%clk 0:15:14]} b3
{[%clk 0:06:26]} 21. cxb3 {[%clk 0:14:51]} Ra2 {[%clk 0:06:21]} 22. Re2
{[%clk 0:14:55]} g6 {[%clk 0:04:14]} 23. b4 {[%clk 0:11:07]} Ra4 {[%clk 0:04:21]}
24. bxc5 {[%clk 0:11:16]} dxc5 {[%clk 0:03:55]} 25. e5 {[%clk 0:11:24]} Bg7
{[%clk 0:02:57]} 26. f4 {[%clk 0:11:20]} Re8 {[%clk 0:01:49]} 27. e6
{[%clk 0:09:01]} fxe6 {[%clk 0:01:57]} 28. Rxe6 {[%clk 0:09:09]} Rxe6
{[%clk 0:01:18]} 29. Qxe6+ {[%clk 0:09:16]} Kh8 {[%clk 0:00:49]} 30. Re1
{[%clk 0:09:15]} Qf6 {[%clk 0:00:33]} 31. Qe8+ {[%clk 0:09:18]} Bf8
{[%clk 0:00:42]} 32. Qxa4 {[%clk 0:09:25]} 1-0

[Event "Russian Championship (Rapid, Men)"]
[Site "Sochi"]
[Date "2018.10.06"]
[Round "6.20"]
[White "Kezin, Roman"]
[Black "Demidov, Mikhail"]
[Result "1/2-1/2"]
[BlackElo "2595"]
[WhiteElo "2462"]
[LiveChessVersion "1.4.8"]

1. d4 {[%clk 0:15:18]} e6 {[%clk 0:15:20]} 2. c4 {[%clk 0:15:26]} Bb4+
{[%clk 0:15:28]} 3. Bd2 {[%clk 0:15:34]} Bxd2+ {[%clk 0:15:34]} 4. Qxd2
{[%clk 0:15:42]} d6 {[%clk 0:15:42]} 5. Nf3 {[%clk 0:15:38]} Nf6 {[%clk 0:15:50]}
6. Nc3 {[%clk 0:15:45]} O-O {[%clk 0:15:57]} 7. g3 {[%clk 0:15:54]} Qe7
{[%clk 0:16:03]} 8. Bg2 {[%clk 0:16:02]} c6 {[%clk 0:16:11]} 9. O-O
{[%clk 0:15:47]} e5 {[%clk 0:16:20]} 10. c5 {[%clk 0:12:52]} exd4
{[%clk 0:12:39]} 11. cxd6 {[%clk 0:13:00]} Qxd6 {[%clk 0:12:46]} 12. Qxd4
{[%clk 0:12:59]} Qe7 {[%clk 0:12:35]} 13. Rad1 {[%clk 0:11:56]} Bg4
{[%clk 0:10:49]} 14. Ne5 {[%clk 0:10:07]} Be6 {[%clk 0:10:51]} 15. Nc4
{[%clk 0:08:37]} Bxc4 {[%clk 0:07:44]} 16. Qxc4 {[%clk 0:08:44]} Na6
{[%clk 0:07:19]} 17. Rd2 {[%clk 0:07:50]} Rad8 {[%clk 0:06:32]} 18. Rfd1
{[%clk 0:07:39]} Rxd2 {[%clk 0:04:54]} 19. Rxd2 {[%clk 0:07:47]} h6
{[%clk 0:04:58]} 20. h3 {[%clk 0:06:20]} Re8 {[%clk 0:04:20]} 21. Qd4
{[%clk 0:04:35]} Ra8 {[%clk 0:04:22]} 22. e4 Nc7 {[%clk 0:04:03]} 23. e5
{[%clk 0:03:46]} Nfe8 {[%clk 0:04:10]} 24. f4 {[%clk 0:03:49]} Ne6
{[%clk 0:03:59]} 25. Qe3 {[%clk 0:03:50]} Qc7 {[%clk 0:02:29]} 26. f5
{[%clk 0:02:20]} Nf8 {[%clk 0:02:38]} 27. Kh2 {[%clk 0:01:40]} a6
{[%clk 0:02:42]} 28. Qd4 {[%clk 0:01:31]} Qe7 {[%clk 0:02:34]} 29. Ne4
{[%clk 0:01:29]} Nh7 {[%clk 0:01:39]} 30. Nd6 {[%clk 0:00:51]} Nxd6
{[%clk 0:00:29]} 31. exd6 {[%clk 0:00:54]} Qd7 {[%clk 0:00:36]} 32. Re2
{[%clk 0:00:40]} Re8 {[%clk 0:00:20]} 33. Rxe8+ {[%clk 0:00:37]} Qxe8
{[%clk 0:00:29]} 34. Qa7 {[%clk 0:00:13]} Qc8 {[%clk 0:00:28]} 35. Qb6 Nf6
{[%clk 0:00:19]} 36. Qc7 {[%clk 0:00:18]} Qd7 {[%clk 0:00:28]} 37. g4
{[%clk 0:00:15]} Qe8 {[%clk 0:00:21]} 38. Qxb7 {[%clk 0:00:13]} Qe5+
{[%clk 0:00:30]} 39. Kh1 {[%clk 0:00:20]} Qxd6 {[%clk 0:00:36]} 40. Qxc6 Qd1+
{[%clk 0:00:38]} 41. Kh2 {[%clk 0:00:32]} a5 {[%clk 0:00:47]} 42. Qc3
{[%clk 0:00:18]} Qd8 43. Qe5 {[%clk 0:00:22]} Qb6 {[%clk 0:00:23]} 44. b3 Qb4 45.
Qe3 {[%clk 0:00:15]} Kh7 {[%clk 0:00:28]} 46. Qf2 {[%clk 0:00:15]} Qd6+
{[%clk 0:00:34]} 47. Qg3 {[%clk 0:00:21]} Qd2 {[%clk 0:00:43]} 48. a3
{[%clk 0:00:19]} Ne4 {[%clk 0:00:43]} 49. Qe5 {[%clk 0:00:23]} Nf6
{[%clk 0:00:40]} 50. Qc7 {[%clk 0:00:12]} Nd7 {[%clk 0:00:21]} 51. b4
{[%clk 0:00:13]} axb4 {[%clk 0:00:30]} 52. axb4 f6 {[%clk 0:00:38]} 53. b5
{[%clk 0:00:14]} Qd4 {[%clk 0:00:27]} 54. Qg3 Qb2 55. Qd3 {[%clk 0:00:15]} Ne5
{[%clk 0:00:35]} 56. Qd5 {[%clk 0:00:24]} Qf2 {[%clk 0:00:29]} 57. Qe4
{[%clk 0:00:20]} Qc5 58. Qd5 {[%clk 0:00:19]} Qf2 {[%clk 0:00:29]} 59. Qb3
{[%clk 0:00:16]} Qb6 {[%clk 0:00:32]} 60. Kh1 {[%clk 0:00:16]} h5
{[%clk 0:00:36]} 61. gxh5 {[%clk 0:00:16]} Kh6 {[%clk 0:00:41]} 62. Qb4
{[%clk 0:00:11]} Kxh5 63. Qb2 {[%clk 0:00:11]} Kg5 {[%clk 0:00:28]} 64. Be4
{[%clk 0:00:16]} Qe3 {[%clk 0:00:25]} 65. Bg2 Nd3 {[%clk 0:00:19]} 66. Qc2
{[%clk 0:00:23]} Qe1+ {[%clk 0:00:23]} 67. Kh2 {[%clk 0:00:23]} Qe5+
{[%clk 0:00:32]} 68. Kh1 Qxb5 {[%clk 0:00:32]} 69. Be4 {[%clk 0:00:18]} Nf4
{[%clk 0:00:27]} 70. Qf2 {[%clk 0:00:25]} Qe5 {[%clk 0:00:30]} 71. Qg3+
{[%clk 0:00:11]} Kh6 {[%clk 0:00:31]} 72. Qh4+ {[%clk 0:00:15]} Nh5 73. Kg2
{[%clk 0:00:15]} Qb2+ {[%clk 0:00:21]} 74. Kf3 {[%clk 0:00:16]} Qc1
{[%clk 0:00:17]} 75. Qg4 {[%clk 0:00:12]} Qd1+ {[%clk 0:00:17]} 76. Ke3
{[%clk 0:00:12]} Qc1+ {[%clk 0:00:19]} 77. Kf3 {[%clk 0:00:21]} Qc3+
{[%clk 0:00:17]} 78. Kg2 {[%clk 0:00:21]} Qd2+ {[%clk 0:00:20]} 79. Kf3
{[%clk 0:00:30]} Qc3+ {[%clk 0:00:19]} 80. Kg2 {[%clk 0:00:38]} Qd2+
{[%clk 0:00:19]} 1/2-1/2

[Event "Russian Championship (Rapid, Men)"]
[Site "Sochi"]
[Date "2018.10.06"]
[Round "6.22"]
[White "Jary, Sergey"]
[Black "Gabrielian, Artur"]
[Result "1/2-1/2"]
[BlackElo "2532"]
[WhiteElo "2353"]
[LiveChessVersion "1.4.8"]

1. d4 {[%clk 0:15:19]} Nf6 {[%clk 0:15:17]} 2. g3 {[%clk 0:15:24]} e6
{[%clk 0:14:27]} 3. Bg2 {[%clk 0:15:23]} c5 {[%clk 0:14:16]} 4. Nf3
{[%clk 0:15:10]} cxd4 {[%clk 0:14:21]} 5. O-O {[%clk 0:15:18]} d5
{[%clk 0:13:37]} 6. Nxd4 {[%clk 0:15:21]} Be7 {[%clk 0:13:27]} 7. c4
{[%clk 0:15:24]} O-O {[%clk 0:12:15]} 8. cxd5 {[%clk 0:15:21]} Nxd5
{[%clk 0:12:19]} 9. e4 {[%clk 0:14:54]} Nb4 {[%clk 0:11:04]} 10. Nc3
{[%clk 0:14:41]} N8c6 {[%clk 0:11:06]} 11. Be3 {[%clk 0:14:10]} Nxd4
{[%clk 0:10:38]} 12. Bxd4 {[%clk 0:13:58]} Nc6 {[%clk 0:08:45]} 13. Be3
{[%clk 0:14:00]} b6 {[%clk 0:06:32]} 14. e5 {[%clk 0:13:38]} Bb7 {[%clk 0:06:39]}
15. Qxd8 {[%clk 0:13:39]} Rfxd8 {[%clk 0:06:34]} 16. Rfd1 {[%clk 0:13:46]} Na5
{[%clk 0:06:15]} 17. Bxb7 {[%clk 0:13:20]} Nxb7 {[%clk 0:06:23]} 18. Rxd8+
{[%clk 0:13:28]} Rxd8 {[%clk 0:06:25]} 19. Rd1 {[%clk 0:13:36]} Rxd1+
{[%clk 0:06:21]} 20. Nxd1 {[%clk 0:13:44]} Na5 {[%clk 0:06:19]} 21. Kg2
{[%clk 0:13:08]} Kf8 {[%clk 0:06:00]} 22. f4 {[%clk 0:12:55]} h5 {[%clk 0:05:41]}
23. Kf3 {[%clk 0:12:41]} Ke8 {[%clk 0:05:24]} 24. Nc3 {[%clk 0:12:37]} Kd7
{[%clk 0:05:21]} 25. Ke4 {[%clk 0:12:44]} Nc4 {[%clk 0:05:01]} 26. Bc1
{[%clk 0:12:45]} f5+ {[%clk 0:04:59]} 27. Kd3 {[%clk 0:12:39]} Na5
{[%clk 0:05:06]} 28. a3 {[%clk 0:12:30]} Nb3 {[%clk 0:04:31]} 29. Be3
{[%clk 0:12:38]} Kc6 {[%clk 0:04:38]} 30. Kc2 {[%clk 0:12:26]} Na5
{[%clk 0:04:39]} 31. Kd3 {[%clk 0:11:51]} Nb3 {[%clk 0:04:12]} 32. Kc2
{[%clk 0:11:49]} Na5 {[%clk 0:04:02]} 33. Kd3 {[%clk 0:11:52]} Nb3
{[%clk 0:03:56]} 1/2-1/2

[Event "Russian Championship (Rapid, Men)"]
[Site "Sochi"]
[Date "2018.10.06"]
[Round "6.23"]
[White "Belyakov, Bogdan"]
[Black "Nuristani, Iman"]
[Result "1-0"]
[BlackElo "2223"]
[WhiteElo "2523"]
[LiveChessVersion "1.4.8"]

1. e4 {[%clk 0:15:18]} e6 {[%clk 0:15:19]} 2. d4 {[%clk 0:15:27]} d5
{[%clk 0:15:27]} 3. Nc3 {[%clk 0:15:36]} dxe4 {[%clk 0:15:35]} 4. Nxe4
{[%clk 0:15:44]} Bd7 {[%clk 0:15:44]} 5. Nf3 {[%clk 0:15:52]} Bc6
{[%clk 0:15:52]} 6. Bd3 {[%clk 0:16:00]} Nd7 {[%clk 0:16:00]} 7. O-O
{[%clk 0:16:07]} Ngf6 {[%clk 0:16:09]} 8. Neg5 {[%clk 0:16:15]} Qe7
{[%clk 0:16:17]} 9. c4 {[%clk 0:16:13]} h6 {[%clk 0:14:28]} 10. d5
{[%clk 0:16:06]} hxg5 {[%clk 0:11:31]} 11. dxc6 {[%clk 0:16:13]} bxc6
{[%clk 0:10:37]} 12. Bxg5 {[%clk 0:16:03]} Qd6 {[%clk 0:10:01]} 13. Qe2
{[%clk 0:12:00]} Be7 {[%clk 0:09:57]} 14. Rad1 {[%clk 0:11:47]} Qc5
{[%clk 0:09:17]} 15. h3 {[%clk 0:11:04]} Rb8 {[%clk 0:09:07]} 16. Rfe1
{[%clk 0:10:48]} Bd6 {[%clk 0:05:10]} 17. b3 {[%clk 0:09:19]} a6 {[%clk 0:02:52]}
18. Bb1 {[%clk 0:09:16]} Kf8 {[%clk 0:01:53]} 19. Rd3 {[%clk 0:08:43]} Re8
{[%clk 0:01:52]} 20. Red1 {[%clk 0:08:03]} Ne5 {[%clk 0:01:04]} 21. Nxe5
{[%clk 0:07:42]} Qxe5 {[%clk 0:01:01]} 22. Qxe5 {[%clk 0:07:47]} Bxe5
{[%clk 0:01:10]} 23. b4 {[%clk 0:07:18]} Bd6 {[%clk 0:00:18]} 24. c5
{[%clk 0:07:05]} Be5 {[%clk 0:00:26]} 25. f4 {[%clk 0:06:58]} Bb2
{[%clk 0:00:16]} 26. Rb3 {[%clk 0:07:04]} Ba1 {[%clk 0:00:17]} 27. Bc2
{[%clk 0:07:12]} Nd5 {[%clk 0:00:21]} 28. Rxa1 {[%clk 0:07:05]} f6
{[%clk 0:00:30]} 29. Rab1 {[%clk 0:06:47]} fxg5 {[%clk 0:00:38]} 30. fxg5
{[%clk 0:06:55]} Ke7 {[%clk 0:00:41]} 31. Ra3 {[%clk 0:06:55]} Rb8
{[%clk 0:00:31]} 32. Rxa6 {[%clk 0:05:58]} Kd7 {[%clk 0:00:41]} 33. a3
{[%clk 0:05:58]} Nc3 {[%clk 0:00:15]} 34. Rb3 {[%clk 0:05:47]} Ne2+
{[%clk 0:00:13]} 35. Kf2 {[%clk 0:05:53]} Nd4 {[%clk 0:00:21]} 36. Rd3
{[%clk 0:06:01]} e5 {[%clk 0:00:30]} 37. Ba4 {[%clk 0:06:08]} Rhf8+
{[%clk 0:00:17]} 38. Ke3 {[%clk 0:06:15]} Ke6 {[%clk 0:00:11]} 39. Bxc6
{[%clk 0:06:20]} Kf5 {[%clk 0:00:20]} 40. Be4+ {[%clk 0:06:20]} Kxg5
{[%clk 0:00:25]} 41. Rg6+ {[%clk 0:06:25]} Kh5 {[%clk 0:00:31]} 42. Rxg7
{[%clk 0:06:26]} Nc2+ {[%clk 0:00:22]} 43. Kd2 {[%clk 0:05:37]} Rf2+
{[%clk 0:00:30]} 44. Kc3 {[%clk 0:05:44]} Nd4 {[%clk 0:00:39]} 45. Rh7+
{[%clk 0:03:33]} Kg5 {[%clk 0:00:47]} 46. Rg3+ {[%clk 0:03:41]} Kf4
{[%clk 0:00:56]} 47. Rg4+ {[%clk 0:03:50]} Ke3 {[%clk 0:01:04]} 48. Bd3
{[%clk 0:03:59]} Ra2 {[%clk 0:00:20]} 49. Re4+ {[%clk 0:04:04]} Kf2
{[%clk 0:00:29]} 50. Rxe5 {[%clk 0:04:04]} Rd8 {[%clk 0:00:38]} 51. Rf7+
{[%clk 0:03:49]} Kg3 {[%clk 0:00:33]} 52. Re3+ {[%clk 0:02:57]} Kh2
{[%clk 0:00:32]} 53. Rxc7 {[%clk 0:03:01]} Rxa3+ {[%clk 0:00:36]} 54. Kc4
{[%clk 0:03:10]} Nc2 {[%clk 0:00:36]} 55. Bxc2 {[%clk 0:02:51]} Rxe3
{[%clk 0:00:44]} 56. Rg7 {[%clk 0:02:57]} Re2 {[%clk 0:00:42]} 57. Bf5
{[%clk 0:02:52]} Rf2 {[%clk 0:00:31]} 58. Bd7 {[%clk 0:02:48]} Rf4+
{[%clk 0:00:39]} 59. Kb3 {[%clk 0:02:18]} Rd4 {[%clk 0:00:31]} 60. Kc3
{[%clk 0:01:44]} R4xd7 {[%clk 0:00:27]} 61. Rxd7 {[%clk 0:01:53]} Rxd7
{[%clk 0:00:37]} 62. c6 {[%clk 0:02:02]} Rd1 {[%clk 0:00:31]} 63. b5
{[%clk 0:02:10]} Kg3 {[%clk 0:00:40]} 64. Kc4 {[%clk 0:02:00]} Kf4
{[%clk 0:00:42]} 65. b6 {[%clk 0:01:33]} Rc1+ {[%clk 0:00:14]} 66. Kd5
{[%clk 0:01:38]} Rd1+ {[%clk 0:00:18]} 67. Ke6 {[%clk 0:01:39]} Re1+
{[%clk 0:00:26]} 68. Kd7 1-0

[Event "Russian Championship (Rapid, Men)"]
[Site "Sochi"]
[Date "2018.10.06"]
[Round "6.24"]
[White "Yashmetov, Mikhail"]
[Black "Ponkratov, Pavel"]
[Result "0-1"]
[BlackElo "2708"]
[WhiteElo "2370"]
[LiveChessVersion "1.4.8"]

1. Nf3 {[%clk 0:15:17]} c5 {[%clk 0:15:16]} 2. g3 {[%clk 0:15:19]} Nc6
{[%clk 0:15:23]} 3. d4 {[%clk 0:15:23]} cxd4 {[%clk 0:15:12]} 4. Nxd4
{[%clk 0:15:31]} Qa5+ {[%clk 0:14:13]} 5. Bd2 {[%clk 0:13:14]} Qh5
{[%clk 0:13:53]} 6. Nxc6 {[%clk 0:09:03]} bxc6 {[%clk 0:13:47]} 7. Bg2
{[%clk 0:08:12]} Ba6 {[%clk 0:13:53]} 8. Nc3 {[%clk 0:07:48]} Rb8
{[%clk 0:13:50]} 9. O-O {[%clk 0:06:48]} Nf6 {[%clk 0:13:57]} 10. h3
{[%clk 0:06:23]} g6 {[%clk 0:12:47]} 11. Bf4 {[%clk 0:06:04]} Rb7
{[%clk 0:12:08]} 12. g4 {[%clk 0:04:34]} Qa5 {[%clk 0:12:15]} 13. a3
{[%clk 0:04:00]} Rxb2 {[%clk 0:10:59]} 14. Qd4 {[%clk 0:04:06]} Bg7
{[%clk 0:10:30]} 15. Nd5 {[%clk 0:02:52]} Rb7 {[%clk 0:10:34]} 16. Nxe7
{[%clk 0:02:57]} Kxe7 {[%clk 0:09:38]} 17. Bd6+ {[%clk 0:02:45]} Kd8
{[%clk 0:09:47]} 18. Be5 {[%clk 0:02:38]} Re8 {[%clk 0:07:17]} 19. Bxf6+
{[%clk 0:02:46]} Bxf6 {[%clk 0:07:26]} 20. Qxf6+ {[%clk 0:02:55]} Re7
{[%clk 0:07:35]} 21. Bxc6 {[%clk 0:02:54]} Rc7 {[%clk 0:06:52]} 22. Qh8+
{[%clk 0:02:05]} Re8 {[%clk 0:07:01]} 23. Qf6+ {[%clk 0:02:14]} Re7
{[%clk 0:06:45]} 24. Bf3 {[%clk 0:02:13]} Qb6 {[%clk 0:06:33]} 25. Qh8+
{[%clk 0:01:51]} Re8 {[%clk 0:06:42]} 26. Qxh7 {[%clk 0:02:01]} Qf6
{[%clk 0:06:51]} 27. Qh6 {[%clk 0:01:41]} Rh8 {[%clk 0:06:07]} 28. Qe3
{[%clk 0:01:47]} Rxh3 {[%clk 0:06:14]} 29. Kg2 {[%clk 0:01:49]} Rc3
{[%clk 0:05:15]} 30. Qxa7 {[%clk 0:00:58]} Rcxf3 {[%clk 0:04:59]} 31. Qb8+
{[%clk 0:00:37]} Bc8 {[%clk 0:04:50]} 32. Rad1 {[%clk 0:00:27]} Qc6
{[%clk 0:04:48]} 33. e4 {[%clk 0:00:17]} Qc7 {[%clk 0:04:32]} 34. Qxc7+
{[%clk 0:00:22]} Kxc7 {[%clk 0:04:41]} 35. Rd4 {[%clk 0:00:24]} Rc3
{[%clk 0:04:41]} 36. Rb1 {[%clk 0:00:24]} Rhf3 {[%clk 0:04:20]} 37. Ra4
{[%clk 0:00:28]} Rf4 {[%clk 0:04:25]} 38. Ra7+ {[%clk 0:00:21]} Kd8
{[%clk 0:04:34]} 39. Rh1 {[%clk 0:00:31]} Rxg4+ {[%clk 0:04:31]} 40. Kf1
{[%clk 0:00:40]} Rxe4 {[%clk 0:04:40]} 0-1

[Event "Russian Championship (Rapid, Men)"]
[Site "Sochi"]
[Date "2018.10.06"]
[Round "6.26"]
[White "Sergeyev, Alexander"]
[Black "Grachev, Boris"]
[Result "0-1"]
[BlackElo "2667"]
[WhiteElo "2363"]
[LiveChessVersion "1.4.8"]

1. e4 {[%clk 0:15:18]} c5 {[%clk 0:15:19]} 2. Nc3 {[%clk 0:15:25]} a6
{[%clk 0:15:28]} 3. f4 {[%clk 0:15:25]} b5 {[%clk 0:15:34]} 4. d4
{[%clk 0:15:30]} cxd4 {[%clk 0:15:39]} 5. Qxd4 {[%clk 0:15:38]} Bb7
{[%clk 0:15:31]} 6. Nf3 {[%clk 0:15:26]} e6 {[%clk 0:15:32]} 7. Be3
{[%clk 0:14:37]} Nf6 {[%clk 0:15:00]} 8. e5 {[%clk 0:12:33]} Nd5 {[%clk 0:14:47]}
9. a4 {[%clk 0:11:09]} Nc6 {[%clk 0:14:15]} 10. Qd2 {[%clk 0:11:13]} Nxe3
{[%clk 0:13:10]} 11. Qxe3 {[%clk 0:11:20]} Nb4 {[%clk 0:13:18]} 12. Bd3
{[%clk 0:10:59]} bxa4 {[%clk 0:09:41]} 13. Rxa4 {[%clk 0:09:35]} Qc7
{[%clk 0:09:01]} 14. Be4 {[%clk 0:06:42]} d5 {[%clk 0:06:35]} 15. Bd3
{[%clk 0:02:12]} Bc5 {[%clk 0:06:26]} 16. Qe2 {[%clk 0:02:18]} h6
{[%clk 0:04:05]} 17. h4 {[%clk 0:01:41]} O-O {[%clk 0:03:44]} 18. g4
{[%clk 0:01:25]} Bc6 {[%clk 0:03:19]} 19. Ra1 {[%clk 0:01:26]} f5
{[%clk 0:02:41]} 20. gxf5 {[%clk 0:01:27]} Nxd3+ {[%clk 0:02:46]} 21. cxd3
{[%clk 0:01:32]} Rxf5 {[%clk 0:02:48]} 22. d4 {[%clk 0:01:29]} Bb4
{[%clk 0:02:45]} 23. Rxa6 {[%clk 0:01:01]} Rb8 {[%clk 0:02:21]} 24. Qd2
{[%clk 0:00:41]} Qb7 {[%clk 0:02:13]} 25. Ra1 {[%clk 0:00:39]} Rbf8
{[%clk 0:02:21]} 26. O-O {[%clk 0:00:39]} Bb5 {[%clk 0:01:51]} 27. Nh2
{[%clk 0:00:25]} Bxf1 {[%clk 0:01:54]} 28. Rxf1 {[%clk 0:00:35]} Qf7
{[%clk 0:01:59]} 29. Qe3 {[%clk 0:00:12]} Rxf4 {[%clk 0:02:00]} 30. Rxf4
{[%clk 0:00:17]} Qxf4 {[%clk 0:02:09]} 31. Qxf4 {[%clk 0:00:25]} Rxf4
{[%clk 0:02:17]} 32. Ne2 {[%clk 0:00:35]} Rf8 {[%clk 0:01:31]} 33. Kg2
{[%clk 0:00:39]} Be7 {[%clk 0:01:34]} 34. Nf3 {[%clk 0:00:40]} Rb8
{[%clk 0:01:42]} 35. Nf4 {[%clk 0:00:47]} Rxb2+ {[%clk 0:01:49]} 36. Kg3
{[%clk 0:00:57]} Kf7 {[%clk 0:01:57]} 37. h5 {[%clk 0:01:00]} Rb3
{[%clk 0:01:50]} 38. Kg4 {[%clk 0:01:09]} Ba3 {[%clk 0:01:57]} 0-1

[Event "Russian Championship (Rapid, Men)"]
[Site "Sochi"]
[Date "2018.10.06"]
[Round "6.29"]
[White "Inozemtsev, Sergei"]
[Black "Maletin, Pavel"]
[Result "0-1"]
[BlackElo "2570"]
[WhiteElo "2348"]
[LiveChessVersion "1.4.8"]

1. e4 {[%clk 0:15:16]} c5 {[%clk 0:15:19]} 2. Nf3 {[%clk 0:15:24]} d6
{[%clk 0:15:26]} 3. Bb5+ {[%clk 0:15:29]} Nd7 {[%clk 0:15:35]} 4. d4
{[%clk 0:15:30]} cxd4 {[%clk 0:15:40]} 5. Qxd4 {[%clk 0:15:37]} a6
{[%clk 0:15:48]} 6. Bxd7+ {[%clk 0:15:43]} Bxd7 {[%clk 0:15:57]} 7. Nc3
{[%clk 0:15:40]} e5 {[%clk 0:16:03]} 8. Qd3 {[%clk 0:15:48]} h6 {[%clk 0:16:11]}
9. Nd2 {[%clk 0:15:31]} Nf6 {[%clk 0:16:10]} 10. Nc4 {[%clk 0:15:35]} Be6
{[%clk 0:16:19]} 11. Ne3 {[%clk 0:15:43]} Be7 {[%clk 0:16:24]} 12. O-O
{[%clk 0:15:48]} Rc8 {[%clk 0:16:30]} 13. Bd2 {[%clk 0:14:36]} O-O
{[%clk 0:16:35]} 14. a4 {[%clk 0:14:13]} Rc5 {[%clk 0:16:33]} 15. Rfd1
{[%clk 0:12:24]} Qc8 {[%clk 0:15:21]} 16. b3 {[%clk 0:11:23]} Rd8
{[%clk 0:14:04]} 17. Ncd5 {[%clk 0:10:19]} Bxd5 {[%clk 0:12:59]} 18. exd5
{[%clk 0:10:26]} Qd7 {[%clk 0:12:30]} 19. Bb4 {[%clk 0:09:57]} Rcc8
{[%clk 0:12:32]} 20. c4 {[%clk 0:09:31]} g6 {[%clk 0:12:33]} 21. Bd2
{[%clk 0:05:52]} Nh5 {[%clk 0:12:19]} 22. Nf1 {[%clk 0:05:43]} Bg5
{[%clk 0:11:36]} 23. Ng3 {[%clk 0:05:38]} Nxg3 {[%clk 0:11:38]} 24. hxg3
{[%clk 0:04:50]} Bxd2 {[%clk 0:11:20]} 25. Qxd2 {[%clk 0:04:57]} Kg7
{[%clk 0:11:24]} 26. a5 {[%clk 0:05:00]} Re8 {[%clk 0:11:21]} 27. Rac1
{[%clk 0:04:50]} Rc7 {[%clk 0:09:28]} 28. Re1 {[%clk 0:03:54]} Qg4
{[%clk 0:09:19]} 29. Qb4 {[%clk 0:03:38]} Rd7 {[%clk 0:09:15]} 30. Qc3
{[%clk 0:03:11]} Rc8 {[%clk 0:08:58]} 31. Rc2 {[%clk 0:02:39]} Re7
{[%clk 0:06:56]} 32. Rce2 {[%clk 0:02:23]} f6 {[%clk 0:06:57]} 33. Qb4
{[%clk 0:02:08]} Rc5 {[%clk 0:06:39]} 34. Qb6 {[%clk 0:02:09]} Qd7
{[%clk 0:06:44]} 35. Re4 {[%clk 0:02:12]} Qc7 {[%clk 0:06:37]} 36. Qxc7
{[%clk 0:02:19]} Rexc7 {[%clk 0:06:34]} 37. Ra1 {[%clk 0:02:27]} f5
{[%clk 0:06:38]} 38. Ree1 {[%clk 0:02:29]} Kf6 {[%clk 0:06:45]} 39. f4
{[%clk 0:02:34]} g5 {[%clk 0:05:55]} 40. Kf2 {[%clk 0:02:42]} Re7
{[%clk 0:05:46]} 41. Kf3 {[%clk 0:02:02]} Rc8 {[%clk 0:05:49]} 42. Ra4
{[%clk 0:00:29]} gxf4 {[%clk 0:02:41]} 43. gxf4 {[%clk 0:00:33]} Rg8
{[%clk 0:02:36]} 44. fxe5+ {[%clk 0:00:39]} dxe5 {[%clk 0:02:43]} 45. Rb4
{[%clk 0:00:25]} e4+ {[%clk 0:02:45]} 46. Kf2 {[%clk 0:00:25]} Reg7
{[%clk 0:02:27]} 47. Rg1 {[%clk 0:00:22]} f4 {[%clk 0:02:22]} 48. Rb6+
{[%clk 0:00:26]} Kf5 {[%clk 0:02:30]} 49. Rxh6 {[%clk 0:00:15]} e3+
{[%clk 0:02:38]} 50. Kf1 {[%clk 0:00:21]} f3 {[%clk 0:02:04]} 51. Re6
{[%clk 0:00:27]} f2 {[%clk 0:01:05]} 52. g4+ {[%clk 0:00:33]} Kf4
{[%clk 0:01:03]} 53. Rf6+ {[%clk 0:00:40]} Ke4 {[%clk 0:01:08]} 54. Re6+
{[%clk 0:00:49]} Kd4 {[%clk 0:00:37]} 55. Rg3 {[%clk 0:00:38]} Rxg4
{[%clk 0:00:46]} 56. Rgxe3 {[%clk 0:00:26]} Rf8 {[%clk 0:00:55]} 57. Ke2
{[%clk 0:00:00]} Ke5 0-1